| 000 | 00622cam a2200241 4500 | ||
|---|---|---|---|
| 008 | 020917n2001 000 0 eng u | ||
| 020 | _a1860815138 | ||
| 035 | _a(Sirsi) u119704 | ||
| 050 | _a338.4369 | ||
| 100 | _aHill, R. | ||
| 245 | _aConstruction logistics : an introduction | ||
| 260 |
_aLondon _bCRC _c2001 |
||
| 300 |
_a12p. _bill _c30cm. |
||
| 490 |
_aBRE Digest _v459 |
||
| 650 | _aCONSTRUCTION INDUSTRY | ||
| 650 | _aCONSTRUCTION WASTE | ||
| 650 | _aDELIVERY | ||
| 650 | _aEGAN REFORMS | ||
| 650 | _aSUPPLY CHAIN MANAGEMENT | ||
| 690 | _aBUILT ENVIRONMENT | ||
| 700 | _aBallard, R. | ||
| 942 | _n0 | ||
| 999 |
_c102361 _d102361 |
||